header

Enzymatic fuel cells : (Record no. 108449)

MARC details
000 -LEADER
fixed length control field 01827nam a2200421 i 4500
001 - CONTROL NUMBER
control field ebr10862639
003 - CONTROL NUMBER IDENTIFIER
control field CaPaEBR
006 - FIXED-LENGTH DATA ELEMENTS--ADDITIONAL MATERIAL CHARACTERISTICS--GENERAL INFORMATION
fixed length control field m o d
007 - PHYSICAL DESCRIPTION FIXED FIELD--GENERAL INFORMATION
fixed length control field cr cn|||||||||
008 - FIXED-LENGTH DATA ELEMENTS--GENERAL INFORMATION
fixed length control field 140506t20142014njua ob 001 0 eng d
020 ## - INTERNATIONAL STANDARD BOOK NUMBER
Cancelled/invalid ISBN 9781118369234
International Standard Book Number 9781118869864 (e-book)
040 ## - CATALOGING SOURCE
Original cataloging agency CaPaEBR
Language of cataloging eng
Description conventions rda
-- pn
Transcribing agency CaPaEBR
035 ## - SYSTEM CONTROL NUMBER
System control number (OCoLC)867916768
050 14 - LIBRARY OF CONGRESS CALL NUMBER
Classification number TK2931
Item number .E59 2014eb
082 04 - DEWEY DECIMAL CLASSIFICATION NUMBER
Classification number 621.31/2429
Edition number 23
245 00 - TITLE STATEMENT
Title Enzymatic fuel cells :
Remainder of title from fundamentals to applications /
Statement of responsibility, etc edited by Heather R. Luckarift, Plamen B. Atanassov, Glenn R. Johnson.
264 #1 - PRODUCTION, PUBLICATION, DISTRIBUTION, MANUFACTURE, AND COPYRIGHT NOTICE
Place of production, publication, distribution, manufacture Hoboken, New Jersey :
Name of producer, publisher, distributor, manufacturer Wiley,
Date of production, publication, distribution, manufacture, or copyright notice 2014.
Date of production, publication, distribution, manufacture, or copyright notice �2014
300 ## - PHYSICAL DESCRIPTION
Extent 1 online resource (490 pages) :
Other physical details illustrations (some color), graphs
336 ## - CONTENT TYPE
Content type term text
Source rdacontent
337 ## - MEDIA TYPE
Media type term computer
Source rdamedia
338 ## - CARRIER TYPE
Carrier type term online resource
Source rdacarrier
504 ## - BIBLIOGRAPHY, ETC. NOTE
Bibliography, etc Includes bibliographical references at the end of each chapters and index.
588 ## - SOURCE OF DESCRIPTION NOTE
Source of description note Description based on print version record.
590 ## - LOCAL NOTE (RLIN)
Local note Electronic reproduction. Palo Alto, Calif. : ebrary, 2014. Available via World Wide Web. Access may be limited to ebrary affiliated libraries.
650 #0 - SUBJECT ADDED ENTRY--TOPICAL TERM
Topical term or geographic name as entry element Enzymes
General subdivision Biotechnology.
Topical term or geographic name as entry element Fuel cells
General subdivision Research.
Topical term or geographic name as entry element Fuel cells.
Topical term or geographic name as entry element Electrocatalysis.
655 #0 - INDEX TERM--GENRE/FORM
Genre/form data or focus term Electronic books.
700 1# - ADDED ENTRY--PERSONAL NAME
Personal name Luckarift, Heather R.,
Dates associated with a name 1971-
Relator term editor.
Personal name Atanassov, Plamen B.,
Dates associated with a name 1962-
Relator term editor.
Personal name Johnson, Glenn R.,
Dates associated with a name 1967-
Relator term editor.
776 08 - ADDITIONAL PHYSICAL FORM ENTRY
Display text Print version:
Title Enzymatic fuel cells : from fundamentals to applications.
Place, publisher, and date of publication Hoboken, New Jersey : Wiley, c2014
Physical description xix, 468 pages
International Standard Book Number 9781118369234
Record control number 2013042736
797 2# - LOCAL ADDED ENTRY--CORPORATE NAME (RLIN)
Corporate name or jurisdiction name as entry element ebrary.
856 40 - ELECTRONIC LOCATION AND ACCESS
Uniform Resource Identifier <a href="http://site.ebrary.com/lib/rucke/Doc?id=10862639">http://site.ebrary.com/lib/rucke/Doc?id=10862639</a>
Public note An electronic book accessible through the World Wide Web; click to view

No items available.

© 2026 Rongo University
Contact us: librarian | system librarian | Rongo university